000 00467nam a2200169Ia 4500
003 GCL
008 140319s9999 xx 000 0 ara d
040 _aGCL /
_cGCL
082 0 4 _aط
_b372.27
_bض ن
100 1 _aضياء الحجار (رسوم)
245 1 0 _aنلون الاصدقاء /
_cضياء الحجار (رسوم)
490 _aلون معى
_v0
650 0 4 _aالاطفال
650 0 4 _aالقصص
650 0 4 _aقصص الاطفال
942 _2ddc
_cBK
999 _c42686
_d42686